[Event "Rail 6 countries 24th"]
[Site "Bad Salzuflen"]
[Date "2013.06.30"]
[Round "4.6"]
[White "Deblauwe, Pauwel"]
[Black "Efler, Lukas"]
[Result "1/2-1/2"]
[WhiteElo "1914"]
[BlackElo "2238"]
[PlyCount "35"]
[EventDate "2013.06.28"]
[EventType "team-tourn"]
[EventRounds "5"]
[EventCountry "GER"]
[SourceTitle "EXT 2014"]
[Source "ChessBase"]
[SourceDate "2013.11.20"]
[SourceVersion "1"]
[SourceVersionDate "2013.11.20"]
[SourceQuality "1"]
[WhiteTeam "Belgium"]
[BlackTeam "Czech Republic"]
[WhiteTeamCountry "BEL"]
[BlackTeamCountry "CZE"]

1. e4 c5 2. Nf3 e6 3. Nc3 a6 4. a4 Nc6 5. g3 Nf6 6. Bg2 d6 7. 0-0 Be7 8. d4 cxd4 9. Nxd4 Qc7 10. Be3 0-0 11. Qe2 Nxd4 12. Bxd4 e5 13. Be3 Bg4 14. Qd2 b6 15. f4 Bd7 16. Rad1 Bg4 17. Rb1 Bd7 18. Rbd1 1/2-1/2

[Event "Rail 6 countries 24th"]
[Site "Bad Salzuflen"]
[Date "2013.06.28"]
[Round "2.6"]
[White "Efler, Lukas"]
[Black "Kuhn, Gerd"]
[Result "1-0"]
[WhiteElo "2238"]
[BlackElo "2114"]
[PlyCount "70"]
[EventDate "2013.06.28"]
[EventType "team-tourn"]
[EventRounds "5"]
[EventCountry "GER"]
[SourceTitle "EXT 2014"]
[Source "ChessBase"]
[SourceDate "2013.11.20"]
[SourceVersion "1"]
[SourceVersionDate "2013.11.20"]
[SourceQuality "1"]
[WhiteTeam "Czech Republic"]
[BlackTeam "Germany"]
[WhiteTeamCountry "CZE"]
[BlackTeamCountry "GER"]

1. e4 d5 2. exd5 Nf6 3. d4 Nxd5 4. Nf3 g6 5. c4 Nb6 6. Nc3 Bg7 7. Be2 0-0 8. 0-0 Bg4 9. Be3 Nc6 10. c5 Nd5 11. h3 Nxe3 12. fxe3 Bf5 13. d5 Ne5 14. e4 Nxf3+ 15. Bxf3 Bd7 16. Qd3 Be5 17. Rad1 Qe8 18. Rf2 a6 19. Qe3 Bb5 20. Rc2 Qb8 21. b3 Qa7 22. Kh1 Rfd8 23. Be2 Bxe2 24. Nxe2 a5 25. Qg5 f6 26. Qg4 Qa6 27. Nf4 Bxf4 28. Qxf4 Rac8 29. Qg4 b5 30. Rcd2 Kg7 31. Qe2 Qa7 32. Qxb5 Rb8 33. Qc6 Rb4 34. Rd4 Rxd4 35. Rxd4 Rd6 1-0

[Event "CZE-chT2D 1011"]
[Site "Czech Republic"]
[Date "2010.11.07"]
[Round "2"]
[White "Kraus, Tomas"]
[Black "Efler, Lukas"]
[Result "0-1"]
[WhiteElo "2123"]
[BlackElo "2236"]
[PlyCount "72"]
[EventDate "2010.10.17"]
[EventType "team-tourn"]
[EventRounds "11"]
[EventCountry "CZE"]
[SourceTitle "EXT 2012"]
[Source "ChessBase"]
[SourceDate "2011.11.24"]
[SourceVersion "1"]
[SourceVersionDate "2011.11.24"]
[SourceQuality "1"]
[WhiteTeam "Vysoke Myto"]
[BlackTeam "Polabiny II"]
[WhiteTeamCountry "CZE"]
[BlackTeamCountry "CZE"]

1. e4 c5 2. Nf3 e6 3. Nc3 a6 4. d4 cxd4 5. Nxd4 Qc7 6. Bd3 Nc6 7. Nb3 Nf6 8. Qe2 Bd6 9. Be3 Be5 10. g3 d5 11. exd5 Bxc3+ 12. bxc3 Nxd5 13. Bd2 0-0 14. c4 Ndb4 15. 0-0 Nxd3 16. cxd3 e5 17. f4 f6 18. fxe5 Bh3 19. exf6 Bxf1 20. Rxf1 Rxf6 21. Rxf6 gxf6 22. d4 Rd8 23. Bf4 Qc8 24. d5 Re8 25. Qd1 Ne5 26. c5 Qh3 27. Nd4 Qd7 28. Qh5 Qf7 29. Qxf7+ Kxf7 30. Nf5 Nc4 31. d6 Rc8 32. Kf2 Rxc5 33. d7 Rd5 34. Bd6 Nxd6 35. d8N+ Ke8 36. Nxd6+ Rxd6 0-1

[Event "CZE-chT2C 0809"]
[Site "Czech Republic"]
[Date "2009.02.22"]
[Round "9.1"]
[White "Jirovsky, Pavel"]
[Black "Efler, Lukas"]
[Result "1/2-1/2"]
[WhiteElo "2325"]
[BlackElo "2256"]
[PlyCount "35"]
[EventDate "2008.10.12"]
[EventType "team-tourn"]
[EventRounds "11"]
[EventCountry "CZE"]
[SourceTitle "EXT 2010"]
[Source "ChessBase"]
[SourceDate "2010.11.25"]
[SourceVersion "1"]
[SourceVersionDate "2010.11.25"]
[SourceQuality "1"]
[WhiteTeam "Kolin"]
[BlackTeam "Polabiny III"]
[WhiteTeamCountry "CZE"]
[BlackTeamCountry "CZE"]

1. d4 Nf6 2. Nf3 e6 3. g3 b6 4. Bg2 Bb7 5. 0-0 Be7 6. c4 c5 7. Nc3 cxd4 8. Qxd4 Nc6 9. Qf4 0-0 10. Rd1 Rc8 11. b3 a6 12. Bb2 Qc7 13. Ng5 Ne8 14. Nh3 f5 15. Qxc7 Rxc7 16. Rd2 Nf6 17. Rad1 Nb8 18. Rd3 1/2-1/2

[Event "CZE-chT2C 0809"]
[Site "Czech Republic"]
[Date "2008.12.21"]
[Round "5.1"]
[White "Mozny, Milos"]
[Black "Efler, Lukas"]
[Result "1-0"]
[WhiteElo "2375"]
[BlackElo "2256"]
[PlyCount "141"]
[EventDate "2008.10.12"]
[EventType "team-tourn"]
[EventRounds "11"]
[EventCountry "CZE"]
[SourceTitle "EXT 2010"]
[Source "ChessBase"]
[SourceDate "2010.11.25"]
[SourceVersion "1"]
[SourceVersionDate "2010.11.25"]
[SourceQuality "1"]
[WhiteTeam "Turnov Zikuda II"]
[BlackTeam "Polabiny III"]
[WhiteTeamCountry "CZE"]
[BlackTeamCountry "CZE"]

1. Nf3 Nf6 2. c4 b6 3. g3 Bb7 4. Bg2 e6 5. 0-0 Be7 6. d4 0-0 7. b3 c5 8. dxc5 bxc5 9. Nc3 d6 10. Bb2 Nc6 11. Qd2 a6 12. Rad1 Qc7 13. Qc1 Rad8 14. Rd2 Rfe8 15. Rfd1 Bf8 16. e3 h6 17. Ba1 Ng4 18. h3 Nge5 19. Nh2 Nb4 20. e4 Nd7 21. Ng4 Nc6 22. Ne3 Nd4 23. f4 Nf6 24. Qb1 e5 25. fxe5 dxe5 26. Rf2 Nh5 27. Kh2 Qd6 28. Nf1 Qg6 29. Nd5 Bd6 30. Bc3 Rf8 31. Re1 Rde8 32. Nde3 Bc8 33. Qd1 Nf6 34. Nf5 Nh7 35. N1e3 Bxf5 36. Nxf5 Rd8 37. Bxd4 cxd4 38. Rc2 Bb4 39. Rf1 Rfe8 40. Qd3 Ng5 41. c5 Ne6 42. c6 a5 43. Bf3 Rc8 44. Qd1 Rc7 45. Be2 Kh8 46. Bc4 Rxc6 47. Nh4 Qxe4 48. Re2 Qh7 49. Rxe5 g6 50. Bb5 Rec8 51. Bxc6 Rxc6 52. Nf3 Qg7 53. Rd5 Rd6 54. Rxd6 Bxd6 55. Ne1 Qe5 56. Qf3 Ng5 57. Qg2 Ne4 58. Nd3 Qxg3+ 59. Qxg3 Bxg3+ 60. Kg2 f5 61. a3 Bd6 62. b4 axb4 63. axb4 Nc3 64. Ra1 Kg7 65. Ra6 Bc7 66. Ra7 Nd5 67. b5 Kf6 68. Nb4 Ne3+ 69. Kf3 Bd6 70. b6 Bc5 71. Ra6 1-0

[Event "CZE-chT1W 0607"]
[Site "Czech Republic"]
[Date "2007.03.18"]
[Round "10.2"]
[White "Efler, Lukas"]
[Black "Prymula, Roman"]
[Result "1-0"]
[WhiteElo "2274"]
[BlackElo "2277"]
[PlyCount "117"]
[EventDate "2006.10.29"]
[EventType "team"]
[EventRounds "11"]
[EventCountry "CZE"]
[SourceTitle "EXT 2009"]
[Source "ChessBase"]
[SourceDate "2008.11.26"]
[SourceVersion "1"]
[SourceVersionDate "2008.11.26"]
[SourceQuality "1"]
[WhiteTeam "Polabiny"]
[BlackTeam "Hradec Kralove"]
[WhiteTeamCountry "CZE"]
[BlackTeamCountry "CZE"]

1. e4 c5 2. Nc3 Nc6 3. g3 g6 4. Bg2 Bg7 5. d3 d6 6. Be3 Rb8 7. Qd2 e5 8. h4 h5 9. Nh3 Nge7 10. f3 Nd4 11. Nf2 Be6 12. Ncd1 b6 13. c3 Ndc6 14. Bh3 Qd7 15. Bxe6 Qxe6 16. Nh3 d5 17. Qe2 Rd8 18. Ndf2 d4 19. Bd2 dxc3 20. bxc3 f6 21. Nd1 Rd7 22. Nhf2 Kd8 23. Be3 Kc8 24. Qb2 Rhd8 25. Qb3 Qd6 26. Rb1 f5 27. Nb2 Na5 28. Qa3 f4 29. gxf4 exf4 30. Bd2 Nec6 31. Ke2 Ne5 32. Bxf4 Rf8 33. Bxe5 Qxe5 34. Rh3 Qf4 35. Nc4 Nxc4 36. Qa6+ Kb8 37. Qxc4 Bh6 38. Kf1 Qe5 39. a4 Rdf7 40. d4 Qc7 41. Qd3 c4 42. Qe2 a5 43. Rb5 Bf4 44. e5 Ka7 45. Ne4 Qd7 46. Nf2 Qe6 47. Qe4 Rd7 48. Ke2 Rf5 49. Rh1 Bg3 50. Nh3 Qe7 51. Qc6 Rb7 52. Qxg6 Qa3 53. Qxf5 Qxc3 54. Rd1 Bxh4 55. Nf4 Qa3 56. Qc2 Bg5 57. Nd5 Rf7 58. Qc3 Qa2+ 59. Qb2 1-0

[Event "CZE-chT1W 0607"]
[Site "Czech Republic"]
[Date "2007.01.21"]
[Round "6.3"]
[White "Haba, Zdenek"]
[Black "Efler, Lukas"]
[Result "1/2-1/2"]
[WhiteElo "2207"]
[BlackElo "2274"]
[PlyCount "98"]
[EventDate "2006.10.29"]
[EventType "team"]
[EventRounds "11"]
[EventCountry "CZE"]
[SourceTitle "EXT 2009"]
[Source "ChessBase"]
[SourceDate "2008.11.26"]
[SourceVersion "1"]
[SourceVersionDate "2008.11.26"]
[SourceQuality "1"]
[WhiteTeam "Vysehrad II"]
[BlackTeam "Polabiny"]
[WhiteTeamCountry "CZE"]
[BlackTeamCountry "CZE"]

1. e4 c5 2. c3 d5 3. exd5 Qxd5 4. d4 Nf6 5. Nf3 Bg4 6. Be2 e6 7. 0-0 Nc6 8. Na3 Rc8 9. Nc2 cxd4 10. Ncxd4 Nxd4 11. cxd4 a6 12. h3 Bh5 13. Qa4+ Qc6 14. Qxc6+ Rxc6 15. g4 Bg6 16. Ne5 Rc2 17. Bd1 Rc8 18. Nxg6 hxg6 19. Bf3 Nd5 20. Bg2 Bd6 21. f4 Rc4 22. f5 gxf5 23. gxf5 Rxd4 24. fxe6 fxe6 25. Bg5 Nf4 26. Bxf4 Bxf4 27. Rad1 Rxd1 28. Rxd1 b6 29. Bc6+ Ke7 30. Rd7+ Kf6 31. Kg2 a5 32. b3 Rc8 33. Be4 Rc3 34. Rd3 Rc2+ 35. Kf3 g5 36. a4 Rb2 37. h4 Rh2 38. hxg5+ Bxg5 39. Kg3 Rb2 40. Bb7 Ke5 41. Kf3 Be7 42. Re3+ Kf6 43. Ke4 Bc5 44. Rf3+ Ke7 45. Ba6 Rd2 46. Bd3 Rd1 47. Rf1 Rd2 48. Rh1 Rg2 49. Bc4 Rg4+ 1/2-1/2

[Event "CZE-chT2d 0607"]
[Site "Czech Republic"]
[Date "2006.12.03"]
[Round "4.1"]
[White "Efler, Lukas"]
[Black "Mlynek, Petr"]
[Result "1-0"]
[WhiteElo "2274"]
[BlackElo "2149"]
[PlyCount "78"]
[EventDate "2006.10.15"]
[EventType "team"]
[EventRounds "11"]
[EventCountry "CZE"]
[SourceTitle "EXT 2009"]
[Source "ChessBase"]
[SourceDate "2008.11.26"]
[SourceVersion "1"]
[SourceVersionDate "2008.11.26"]
[SourceQuality "1"]

1. e4 c6 2. d3 d5 3. Nd2 g6 4. g3 Bg7 5. Bg2 e5 6. Ne2 Be6 7. c3 Ne7 8. Qc2 Nd7 9. 0-0 0-0 10. Nf3 h6 11. d4 dxe4 12. Nxe5 Nxe5 13. dxe5 Kh7 14. Bf4 Nd5 15. Bxe4 Bh3 16. Rfe1 Qe7 17. c4 Nb4 18. Qb3 Rad8 19. a3 Na6 20. Qe3 Nc5 21. Bc2 Ne6 22. Qxa7 c5 23. Qb6 Ng5 24. Bxg5 hxg5 25. Be4 Rd2 26. Nc3 Bxe5 27. Rad1 Bxc3 28. Rxd2 f5 29. bxc3 fxe4 30. Qb1 Re8 31. Rb2 Qf6 32. Rxb7+ Kh6 33. Re3 Rd8 34. Qe1 Rd3 35. Rb1 Qd6 36. Rxe4 Qc6 37. Qe2 Rxc3 38. Re1 Rxa3 39. Qd2 Kh7 1-0

[Event "CZE-chT1W 0607"]
[Site "Czech Republic"]
[Date "2006.10.29"]
[Round "1.1"]
[White "Zvara, Petr"]
[Black "Efler, Lukas"]
[Result "1-0"]
[WhiteElo "2417"]
[BlackElo "2274"]
[PlyCount "83"]
[EventDate "2006.10.29"]
[EventType "team"]
[EventRounds "11"]
[EventCountry "CZE"]
[SourceTitle "EXT 2009"]
[Source "ChessBase"]
[SourceDate "2008.11.26"]
[SourceVersion "1"]
[SourceVersionDate "2008.11.26"]
[SourceQuality "1"]
[WhiteTeam "Bohemians"]
[BlackTeam "Polabiny"]
[WhiteTeamCountry "CZE"]
[BlackTeamCountry "CZE"]

1. e4 c5 2. Nf3 e6 3. d4 cxd4 4. Nxd4 a6 5. Nc3 Qc7 6. Be2 Nf6 7. 0-0 Nc6 8. Be3 Be7 9. f4 d6 10. Kh1 Nxd4 11. Bxd4 e5 12. Be3 b5 13. fxe5 dxe5 14. a4 Bb4 15. axb5 Bxc3 16. bxc3 Nxe4 17. Bf3 Bb7 18. bxa6 Rxa6 19. Rxa6 Bxa6 20. Bxe4 Bxf1 21. Qxf1 0-0 22. c4 f5 23. Bd5+ Kh8 24. h3 h6 25. Qf2 Qd7 26. Bc5 Rb8 27. Qe3 Rc8 28. Bb4 e4 29. Bc3 Kh7 30. Qd4 Qe7 31. Be6 Rf8 32. Qe5 Qg5 33. c5 Rf6 34. Bd2 e3 35. Be1 Rg6 36. g3 Rf6 37. Kh2 f4 38. Qe4+ Qg6 39. Bd5 fxg3+ 40. Bxg3 Rf5 41. c4 Rxd5 42. Qxg6+ 1-0

[Event "CZE-chT2c 0506"]
[Site "Czech Republic"]
[Date "2006.02.26"]
[Round "8.4"]
[White "Cerha, Michal"]
[Black "Efler, Lukas"]
[Result "1/2-1/2"]
[WhiteElo "2137"]
[BlackElo "2263"]
[PlyCount "78"]
[EventDate "2005.10.16"]
[EventType "team"]
[EventRounds "11"]
[EventCountry "CZE"]
[SourceTitle "EXT 2009"]
[Source "ChessBase"]
[SourceDate "2008.11.26"]
[SourceVersion "1"]
[SourceVersionDate "2008.11.26"]
[SourceQuality "1"]
[WhiteTeam "Nachod"]
[BlackTeam "Polabiny"]
[WhiteTeamCountry "CZE"]
[BlackTeamCountry "CZE"]

1. e4 c5 2. Nf3 e6 3. d4 cxd4 4. Nxd4 a6 5. Be2 Nf6 6. Nc3 Bb4 7. Qd3 d5 8. e5 Ne4 9. 0-0 f5 10. Nxe4 fxe4 11. Qg3 0-0 12. c3 Bc5 13. Bg5 Qe8 14. h4 Nc6 15. Rad1 Be7 16. f3 Bxg5 17. Qxg5 Nxd4 18. cxd4 exf3 19. Rxf3 Rxf3 20. Bxf3 Bd7 21. Bh5 Qd8 22. Qxd8+ Rxd8 23. Rc1 Bc6 24. Rf1 Bb5 25. Rf2 Rf8 26. Rxf8+ Kxf8 27. Kf2 Bd3 28. Ke3 Bb1 29. a3 Ke7 30. Kd2 g6 31. Be2 Kd7 32. Ke3 h6 33. Kf4 Bc2 34. g4 Kc6 35. g5 h5 36. Ke3 Bf5 37. Kd2 a5 38. Kc3 b5 39. b4 a4 1/2-1/2

[Event "CZE-chT2c 0506"]
[Site "Czech Republic"]
[Date "2005.12.18"]
[Round "5.4"]
[White "Efler, Lukas"]
[Black "Posta, Petr"]
[Result "1/2-1/2"]
[WhiteElo "2263"]
[BlackElo "2190"]
[PlyCount "47"]
[EventDate "2005.10.16"]
[EventType "team"]
[EventRounds "11"]
[EventCountry "CZE"]
[SourceTitle "EXT 2009"]
[Source "ChessBase"]
[SourceDate "2008.11.26"]
[SourceVersion "1"]
[SourceVersionDate "2008.11.26"]
[SourceQuality "1"]
[WhiteTeam "Polabiny"]
[BlackTeam "AVE Kontakt"]
[WhiteTeamCountry "CZE"]
[BlackTeamCountry "CZE"]

1. Nf3 d5 2. e3 Nf6 3. b3 e6 4. Bb2 Be7 5. Be2 b6 6. Ne5 Bb7 7. f4 0-0 8. 0-0 c5 9. d3 Nfd7 10. Nxd7 Nxd7 11. Nd2 Bf6 12. d4 Rc8 13. c3 g6 14. Bd3 Bg7 15. Rc1 Qe7 16. Qf3 cxd4 17. cxd4 Nf6 18. Qe2 Rxc1 19. Rxc1 Rc8 20. Rxc8+ Bxc8 21. Nb1 Ne8 22. Nc3 Bf8 23. Qc2 Qc7 24. Qe2 1/2-1/2

[Event "Rail 4 countries 20th"]
[Site "Ludwigshafen"]
[Date "2003.05.31"]
[Round "3.1"]
[White "Izbinski, Bartlomiej"]
[Black "Efler, Lukas"]
[Result "1-0"]
[WhiteElo "2303"]
[BlackElo "2279"]
[PlyCount "65"]
[EventDate "2003.05.30"]
[EventType "team"]
[EventRounds "3"]
[EventCountry "GER"]
[SourceTitle "EXT 2004"]
[Source "ChessBase"]
[SourceDate "2003.11.25"]
[SourceVersion "1"]
[SourceVersionDate "2003.11.25"]
[SourceQuality "1"]

1. e4 c5 2. Nf3 e6 3. c4 a6 4. Nc3 Ne7 5. d4 cxd4 6. Nxd4 g6 7. Be3 Bg7 8. Be2 0-0 9. 0-0 Nbc6 10. Nxc6 dxc6 11. Bc5 Bxc3 12. bxc3 Qxd1 13. Raxd1 Re8 14. a4 Kg7 15. e5 Ng8 16. f4 f5 17. Rd2 Nh6 18. Rfd1 Nf7 19. a5 h6 20. g3 Rb8 21. Kf2 h5 22. h3 Kh6 23. g4 Rg8 24. Rg1 hxg4 25. hxg4 Kg7 26. Bf3 Nh6 27. g5 Nf7 28. Be7 b5 29. Ke3 bxc4 30. Bf6+ Kf8 31. Bxc6 Rb3 32. Kd4 Bb7 33. Kxc4 1-0

[Event "CZE-chT2V 0203"]
[Site "Czech Republic"]
[Date "2003.??.??"]
[Round "3"]
[White "Ruzicka, Zdenek"]
[Black "Efler, Lukas"]
[Result "1-0"]
[WhiteElo "2131"]
[BlackElo "2279"]
[PlyCount "101"]
[EventDate "2002.10.??"]
[EventType "team"]
[EventRounds "11"]
[EventCountry "CZE"]
[SourceTitle "EXT 2007"]
[Source "ChessBase"]
[SourceDate "2006.11.23"]
[SourceVersion "1"]
[SourceVersionDate "2006.11.23"]
[SourceQuality "1"]
[WhiteTeam "Ricany"]
[BlackTeam "Polabiny III"]
[WhiteTeamCountry "CZE"]
[BlackTeamCountry "CZE"]

1. e4 c5 2. Nf3 e6 3. c3 d5 4. exd5 exd5 5. d4 Bd6 6. Nbd2 Nc6 7. dxc5 Bxc5 8. Nb3 Bb6 9. Be2 Nge7 10. 0-0 0-0 11. Nbd4 a6 12. Be3 Bc7 13. Qd2 Ng6 14. Rad1 Nce7 15. b4 Bg4 16. h3 Bc8 17. c4 dxc4 18. Bxc4 b5 19. Bb3 Bb7 20. Bg5 Qd6 21. Rfe1 Rad8 22. Qb2 Bc8 23. Nxb5 Qb6 24. Nxc7 Qxc7 25. Rxd8 Rxd8 26. Ne5 Nxe5 27. Qxe5 Qxe5 28. Rxe5 Ng6 29. Bxd8 Nxe5 30. Bc7 Nc6 31. a3 Kf8 32. Bd6+ Ke8 33. Bc5 Bb7 34. f3 Ne5 35. Kf2 f6 36. Ke3 Kd7 37. Bg8 Bc6 38. Bxh7 Nc4+ 39. Kd4 Nxa3 40. Bf5+ Kc7 41. Bf8 Nb5+ 42. Kc5 Bb7 43. Bxg7 Nd6 44. Bd3 Ne8 45. Bh6 Bc8 46. Bf4+ Kb7 47. Be4+ Ka7 48. Be3 Be6 49. Kc6+ Kb8 50. Kb6 Bc4 51. Bb7 1-0

[Event "Rail 4 countries 19th"]
[Site "Eindhoven"]
[Date "2002.06.07"]
[Round "1.1"]
[White "Sevink, Paul"]
[Black "Efler, Lukas"]
[Result "1/2-1/2"]
[WhiteElo "1927"]
[BlackElo "2284"]
[PlyCount "41"]
[EventDate "2002.06.07"]
[EventType "team-tourn"]
[EventRounds "3"]
[EventCountry "NED"]
[SourceTitle "EXT 2004"]
[Source "ChessBase"]
[SourceDate "2003.11.25"]
[SourceVersion "1"]
[SourceVersionDate "2003.11.25"]
[SourceQuality "1"]

1. d4 Nf6 2. Nf3 e6 3. Bg5 Be7 4. c3 b6 5. e3 Bb7 6. Nbd2 d6 7. Bd3 Nbd7 8. Rc1 h6 9. Bxf6 Bxf6 10. b4 0-0 11. h4 g6 12. Bb1 Re8 13. h5 g5 14. Qc2 Nf8 15. Ne4 e5 16. Ng3 Qd7 17. dxe5 dxe5 18. Rd1 Qe6 19. Qf5 Rad8 20. 0-0 Bc8 21. Nd2 1/2-1/2

[Event "CZE-chT2 0102"]
[Site "Czech Republic"]
[Date "2002.03.03"]
[Round "10.7"]
[White "Volak, Michal"]
[Black "Efler, Lukas"]
[Result "1/2-1/2"]
[WhiteElo "2208"]
[BlackElo "2237"]
[PlyCount "66"]
[EventDate "2001.10.??"]
[EventType "team"]
[EventRounds "11"]
[EventCountry "CZE"]
[SourceTitle "EXT 2006"]
[Source "ChessBase"]
[SourceDate "2005.11.24"]
[SourceVersion "1"]
[SourceVersionDate "2005.11.24"]
[SourceQuality "1"]

1. d4 Nf6 2. c4 e6 3. Nf3 b6 4. a3 Bb7 5. Nc3 Be7 6. Qc2 0-0 7. Bg5 c5 8. e4 cxd4 9. Nxd4 Nc6 10. Rd1 h6 11. Bh4 Rc8 12. Nxc6 Bxc6 13. Be2 Nh7 14. Bg3 f5 15. f3 Bh4 16. exf5 exf5 17. 0-0 Bxg3 18. hxg3 Qg5 19. Kh2 Nf6 20. f4 Qg6 21. Qd3 Rce8 22. Bf3 Be4 23. Qd4 Re6 24. Nd5 Bxd5 25. cxd5 Re4 26. Qd2 Rfe8 27. Rfe1 Ng4+ 28. Bxg4 Qxg4 29. Rxe4 fxe4 30. Re1 Qh5+ 31. Kg1 e3 32. Rxe3 Rxe3 33. Qxe3 Qxd5 1/2-1/2

[Event "CZE-chTV 0102"]
[Site "Czech Republic"]
[Date "2002.??.??"]
[Round "4"]
[White "Cervinka, Michal"]
[Black "Efler, Lukas"]
[Result "0-1"]
[WhiteElo "2181"]
[BlackElo "2237"]
[PlyCount "94"]
[EventDate "2001.??.??"]
[EventType "team"]
[EventRounds "11"]
[EventCountry "CZE"]
[SourceTitle "EXT 2003"]
[Source "ChessBase"]
[SourceDate "2002.11.25"]
[SourceVersion "1"]
[SourceVersionDate "2002.11.25"]
[SourceQuality "1"]
[WhiteTeam "Rychnov nad Kneznou"]
[BlackTeam "Polabiny"]
[WhiteTeamCountry "CZE"]
[BlackTeamCountry "CZE"]

1. Nf3 Nf6 2. c4 e6 3. g3 b6 4. Bg2 Bb7 5. 0-0 Be7 6. Nc3 0-0 7. d4 Ne4 8. Qc2 Nxc3 9. bxc3 d6 10. Rd1 Nd7 11. Be3 c5 12. a4 Rc8 13. d5 e5 14. Bh3 Ra8 15. Rdb1 Ba6 16. Qd3 Nf6 17. Nd2 g6 18. Bh6 Re8 19. e4 Nh5 20. f4 exf4 21. gxf4 Bf8 22. Bg5 f6 23. Bh4 Nxf4 24. Qf3 Nxh3+ 25. Qxh3 Bg7 26. Rf1 Qe7 27. Rae1 Rf8 28. Qd3 Qd7 29. Bg3 Rad8 30. Kh1 Bh6 31. Bf4 Bxf4 32. Rxf4 Rf7 33. Rff1 Rdf8 34. Qc2 Re7 35. Qd3 Re5 36. Qg3 Rg5 37. Qe3 Rh5 38. Rf3 Qxa4 39. Ref1 Kg7 40. Qf2 f5 41. Qg3 Bxc4 42. R1f2 Qd1+ 43. Kg2 Be2 44. Re3 f4 45. Rxf4 Rxf4 46. Qxf4 Qxd2 47. Qxd6 Qxe3 0-1

[Event "CZE-chT2V 0203"]
[Site "Czech Republic"]
[Date "2002.??.??"]
[Round "3"]
[White "Efler, Lukas"]
[Black "Cernovsky, Jiri"]
[Result "1-0"]
[WhiteElo "2279"]
[BlackElo "2156"]
[PlyCount "97"]
[EventDate "2002.10.??"]
[EventType "team"]
[EventRounds "11"]
[EventCountry "CZE"]
[SourceTitle "EXT 2007"]
[Source "ChessBase"]
[SourceDate "2006.11.23"]
[SourceVersion "1"]
[SourceVersionDate "2006.11.23"]
[SourceQuality "1"]
[WhiteTeam "Polabiny III"]
[BlackTeam "Havlickuv Brod"]
[WhiteTeamCountry "CZE"]
[BlackTeamCountry "CZE"]

1. e4 c6 2. d4 d5 3. Nc3 dxe4 4. Nxe4 Bf5 5. Ng3 Bg6 6. h4 h6 7. Nf3 Nd7 8. h5 Bh7 9. Bd3 Bxd3 10. Qxd3 Ngf6 11. c3 Qc7 12. Ne4 0-0-0 13. Be3 e6 14. 0-0-0 Ng4 15. Qe2 Nxe3 16. fxe3 Be7 17. Kb1 Kb8 18. Ned2 e5 19. Nc4 exd4 20. cxd4 Rhe8 21. Qc2 Nb6 22. Nxb6 Qxb6 23. e4 c5 24. d5 Bd6 25. Nd2 Qc7 26. Nc4 f6 27. Rh4 Bf8 28. Qf2 b5 29. Ne3 Rd6 30. Nf5 Ra6 31. Qd2 Re5 32. Rc1 Ra4 33. b3 Raxe4 34. Rxe4 Rxe4 35. Qd3 Re5 36. d6 Qd7 37. g4 Kc8 38. Qf3 Qb7 39. d7+ Qxd7 40. Rd1 Qe8 41. Qa8+ Kc7 42. Qxa7+ Kc6 43. Nxg7 Qc8 44. Rf1 Re7 45. Rxf6+ Kd5 46. Qb6 Rxg7 47. Rf5+ Ke4 48. Qf6 Rxg4 49. Qe5+ 1-0

[Event "CZE-chTV 0102"]
[Site "Czech Republic"]
[Date "2002.??.??"]
[Round "5"]
[White "Illetsko, Jaroslav"]
[Black "Efler, Lukas"]
[Result "1-0"]
[WhiteElo "2147"]
[BlackElo "2237"]
[PlyCount "63"]
[EventDate "2001.??.??"]
[EventType "team"]
[EventRounds "11"]
[EventCountry "CZE"]
[SourceTitle "EXT 2003"]
[Source "ChessBase"]
[SourceDate "2002.11.25"]
[SourceVersion "1"]
[SourceVersionDate "2002.11.25"]
[SourceQuality "1"]
[WhiteTeam "Bohemians II"]
[BlackTeam "Polabiny"]
[WhiteTeamCountry "CZE"]
[BlackTeamCountry "CZE"]

1. e4 c5 2. Nf3 e6 3. d4 cxd4 4. Nxd4 a6 5. Nc3 Qc7 6. Bd3 g6 7. 0-0 Bg7 8. Nde2 Ne7 9. Bf4 d6 10. Qd2 0-0 11. Bh6 Nbc6 12. Bxg7 Kxg7 13. Kh1 Ne5 14. f4 Nxd3 15. Qxd3 Rd8 16. Rad1 b5 17. f5 exf5 18. Nd5 Nxd5 19. Qxd5 Be6 20. Qd4+ Kg8 21. exf5 Bxf5 22. Rxf5 gxf5 23. Rd3 Qc4 24. Rg3+ Kf8 25. Qg7+ Ke8 26. Re3+ Kd7 27. b3 Qd5 28. c4 bxc4 29. Nc3 Qc5 30. Qxf7+ Kc8 31. Re7 cxb3 32. Qe6+ 1-0

[Event "CZE-chT2V 0203"]
[Site "Czech Republic"]
[Date "2002.??.??"]
[Round "4"]
[White "Rosko, Lubos"]
[Black "Efler, Lukas"]
[Result "0-1"]
[WhiteElo "2068"]
[BlackElo "2279"]
[PlyCount "74"]
[EventDate "2002.10.??"]
[EventType "team"]
[EventRounds "11"]
[EventCountry "CZE"]
[SourceTitle "EXT 2007"]
[Source "ChessBase"]
[SourceDate "2006.11.23"]
[SourceVersion "1"]
[SourceVersionDate "2006.11.23"]
[SourceQuality "1"]
[WhiteTeam "Horice"]
[BlackTeam "Polabiny III"]
[WhiteTeamCountry "CZE"]
[BlackTeamCountry "CZE"]

1. d4 Nf6 2. Nf3 b6 3. c4 e6 4. e3 Bb7 5. Bd3 Be7 6. 0-0 0-0 7. Nbd2 c5 8. b3 cxd4 9. exd4 d5 10. Bb2 Nc6 11. a3 Rc8 12. Ne5 g6 13. Re1 Re8 14. Ndf3 Bf8 15. Qe2 Nh5 16. g3 Bg7 17. Rad1 Na5 18. Nd2 Nf6 19. Bc3 Nc6 20. Ndf3 Nd7 21. Ng4 h5 22. Ne3 Ne7 23. h4 Nf8 24. Ng2 Nf5 25. Nf4 Nd6 26. Ng5 Qf6 27. Bb4 Red8 28. cxd5 exd5 29. Bxd6 Rxd6 30. Qe7 Rd7 31. Qe5 Qd8 32. Qe2 Rd6 33. Nxh5 gxh5 34. Qxh5 Rc7 35. Bh7+ Nxh7 36. Qxh7+ Kf8 37. Re6 Rxe6 0-1

[Event "CZE-chT2 0102"]
[Site "Czech Republic"]
[Date "2001.12.09"]
[Round "5.7"]
[White "Pospisil, Evzen"]
[Black "Efler, Lukas"]
[Result "0-1"]
[WhiteElo "2116"]
[BlackElo "2237"]
[PlyCount "58"]
[EventDate "2001.10.??"]
[EventType "team"]
[EventRounds "11"]
[EventCountry "CZE"]
[SourceTitle "EXT 2006"]
[Source "ChessBase"]
[SourceDate "2005.11.24"]
[SourceVersion "1"]
[SourceVersionDate "2005.11.24"]
[SourceQuality "1"]

1. d4 Nf6 2. c4 e6 3. Nc3 Bb4 4. e3 b6 5. Nge2 Bb7 6. a3 Be7 7. d5 exd5 8. cxd5 0-0 9. Nf4 Bd6 10. Nh5 Re8 11. Be2 c6 12. Nxf6+ Qxf6 13. Bf3 Be5 14. Ne4 Qh6 15. Nc3 Na6 16. g3 Bxc3+ 17. bxc3 cxd5 18. Bxd5 Bxd5 19. Qxd5 Rac8 20. Bd2 Qh3 21. Ke2 Nc5 22. Rag1 Ne4 23. Qd4 Rc6 24. Be1 Rd6 25. Qb4 a5 26. Qb1 Qf5 27. f3 Qc5 28. Qa2 Nxc3+ 29. Bxc3 Qxe3+ 0-1